000 01158nam0a22002411 4500
001 rc\3159929
005 20250530073813.0
035 _a(NLR Aleph) 007301743
090 _a5717609
_c5717609
100 _a20120615d1976 |||y0rusy50 ca
101 0 _arus
102 _aRU
105 _ay z |||||
200 1 _aИзучение экономики производства и разработка технико-экономических вопросов промышленности химических волокон
_eОтчет по теме 18-24/76
_fИсполн.: С.С. Перелыгина [и др.]
_gВНИИ искусств. волокна
_iРаздел: Обзор технико-экономических показателей работы предприятий и промышленности химических волокон в целом за 1975 год
210 _aМытищи
_cБ. и.
_d1976
215 _a193 с.
_d20
333 _aДСП. Экз. № 178
702 1 _aПерелыгина
_bС.С.
_4570
801 0 _aRU
_bNLR
_gpsbo
801 1 _aRU
_bELAR
_2rusmarc
852 _aNLR
_j76-50К/3721
942 _cBOOK
980 _aNB